Tecnología del petróleo
Guardat en:
| Autor principal: | |
|---|---|
| Format: | Llibre |
| Idioma: | espanyol |
| Publicat: |
Buenos Aires
El Ateneo
1963
|
| Matèries: | |
| Etiquetes: |
Afegir etiqueta
Sense etiquetes, Sigues el primer a etiquetar aquest registre!
|
MARC
| LEADER | 00000nam a2200000 a 4500 | ||
|---|---|---|---|
| 001 | UCK0164 | ||
| 003 | CL-VaPUC | ||
| 008 | 040915e19630000AG |||||||||||||||||spa|d | ||
| 082 | 0 | 4 | |a 665.5 |b GIN |2 21 |
| 100 | 0 | |a Gini Lacorte, Carlos |e author |9 488039 | |
| 245 | 1 | 0 | |a Tecnología del petróleo |
| 300 | |a 270 p | ||
| 942 | |c BK | ||
| 945 | |d 20040915 00:00:00 |a cmena | ||
| 260 | |a Buenos Aires |b El Ateneo |c 1963 | ||
| 650 | 7 | |a PETROLEO |2 CL-VaPUC |9 320865 | |
| 650 | 0 | |a Tecnología química |9 263002 | |
| 650 | 0 | |a Combustibles |9 271720 | |
| 583 | |a last modification |c 20040915 00:00:00 |k Rodrigo Vera | ||
| 999 | |c 310654 |d 310652 | ||